Weber's electrodynamics

Αποθηκεύτηκε σε:
Λεπτομέρειες βιβλιογραφικής εγγραφής
Κύριος συγγραφέας: Assis, Andre Koch Torres 1962-
Μορφή: Βιβλίο
Γλώσσα:English
Δημοσίευση: Dordrecht ; Boston : Kluwer, c1994
Σειρά:Fundamental theories of physics ; ; 66
Θέματα:
Ετικέτες: Προσθήκη ετικέτας
Δεν υπάρχουν, Καταχωρήστε ετικέτα πρώτοι!

MARC

LEADER 00000nam a2200000 i 4500
001 1/105751
008 000413s1994 eng d
020 |a 0-7923-3137-0 
035 |l 10059370 
040 |a GR-MY-UA  |b gre  |e aacr 
041 0 |a eng 
082 0 |a 537.6 
100 1 |a Assis, Andre Koch Torres  |d 1962- 
245 1 0 |a Weber's electrodynamics /  |c by Andre Koch Torres Assis 
260 |a Dordrecht ; Boston :   |b Kluwer,   |c c1994 
300 |a xiv, 274 p.;  |b ill.;  |c 25 cm. 
490 1 |a Fundamental theories of physics  |v ; 66 
504 |a Includes bibliographical references and index 
600 1 0 |a Weber Wilhelm Eduard  |d 1804-1891. 
650 0 0 |a Electrodynamics. 
830 0 |a Fundamental theories of physics ;  |v ; 66 
852 |a INST  |b SAMOS  |e 20000413  |h 537.6 ASS  |p 005300017856  |q 005300017856  |t BK  |y 0 
901 |a BIBL3-2000-1 
909 |a Σ  |b 076949 
922 |a 3ΕΛΗ  |b 200003  |c ΚΠΣ  |d ΠΑΠΑΣΩΤΗΡΙΟΥ 
950 |a 116-2000-01-12 
970 |a ΓΕΝΟΥΖΟΥ  |b ΧΡΥΣΑΝΘΗ  |z 2000/04/13